000 03023cam a2200337 i 4500
999 _c127607
_d127607
001 19111299
003 ARRUPE
005 20180313144753.0
008 160527s2016 nyu b 001 0 eng
010 _a 2016021890
020 _a9781107176454 (hardback)
040 _aDLC
_beng
_cDLC
_erda
_dDLC
042 _apcc
050 0 0 _aB105. D44
_bM33 2016
082 0 0 _a170
_223
084 _aPHI005000
_2bisacsh
100 1 _aMacIntyre, Alasdair C.,
_918768
245 1 0 _aEthics in the conflicts of modernity :
_ban essay on desire, practical reasoning, and narrative /
_cAlasdair MacIntyre.
260 _aCambridge
_bCambridge University Press
_c2016
300 _axiii, 322 p. ;
_c23 cm.
504 _aIncludes bibliographical references and index.
520 _a"This essay is divided into five chapters. In the first the questions initially posed about our desires and how we should think about them are questions that plain non philosophical persons often find themselves asking. When however they carry their attempt to answer these questions a little further, they find that they have, perhaps inadvertently, become philosophers, and that they need some at least of the conceptual and argumentative resources which professional philosophers provide. So their enquiry, like this one, becomes philosophical. But philosophy in our culture has become an almost exclusively specialized academic discipline whose practitioners for the most part address only each other rather than the educated lay person. Moreover those same practitioners have for the last fifty years been harassed by the academic system into publishing more and more as a condition for academic survival, so that on most topics of philosophical interest there is by now an increasingly large, an often unmanageable large body of literature that has to be read as a prologue before adding to it one more item. Readers should be warned that my references to this literature are selective and few. Had I conscientiously attempted not only to find my way through all the relevant published writing in the philosophy of mind and in ethics, but then also explained how I had come to terms with the claims advanced by its authors, I would have had to write at impossible length and in a format that would have made this essay inaccessible to the lay reader for whom it is written"--
650 0 _aDesire (Philosophy)
_940522
650 0 _aEthics.
_940523
650 0 _aPhilosophy and social sciences.
_9622
906 _a7
_bcbc
_corignew
_d1
_eecip
_f20
_gy-gencatlg
942 _2lcc
_cMONOGRAPH